Strzelcy bramek w 2 kolejce Bundesligi w sezonie 2020/21 - Statystyki

Ogólne statystyki
  • Ten quiz został rozwiązany 8 razy
  • Średni wynik to 5 z 27
Statystyki odpowiedzi
Hint Odpowiedź % Poprawnych
Hertha - Frankfurt 0:1 Silva
75%
Hoffenheim - Bayern 2:1 Kimmich
50%
Hoffenheim - Bayern 3:1 Kramaric
50%
Hoffenheim - Bayern 4:1 Kramaric
50%
Hoffenheim - Bayern 2:0 Dabbur
38%
Hertha - Frankfurt 0:2 Dost
38%
Hoffenheim - Bayern 1:0 Bicakcic
25%
Leverkusen - RB Lipsk 0:1 Forsberg
25%
Monchengladbach - Union Berlin 1:0 Thuram
25%
Freiburg - Wolfsburg 1:1 Brekalo
13%
Augsburg - Dortmund 2:0 Caligiuri
13%
Schalke - Werder 0:1 Fullkrug
13%
Schalke - Werder 0:2 Fullkrug
13%
Schalke - Werder 0:3 Fullkrug
13%
Hertha - Frankfurt 1:3 (bramka samobójcza) Hinteregger
13%
Freiburg - Wolfsburg 1:0 Petersen
13%
Hertha - Frankfurt 0:3 Rode
13%
Mainz - Stuttgart 1:1 Wamangituka
13%
Leverkusen - RB Lipsk 1:1 Demirbay
0%
Mainz - Stuttgart 1:2 Didavi
0%
Bielefeld - Koln 1:0 Edmundsson
0%
Mainz - Stuttgart 1:4 Kalajdzic
0%
Mainz - Stuttgart 1:3 Klimowicz
0%
Mainz - Stuttgart 1:0 Quaison
0%
Monchengladbach - Union Berlin 1:1 Schlotterbeck
0%
Augsburg - Dortmund 1:0 Uduokhai
0%
Schalke - Werder 1:3 Uth
0%
Nie znaleziono quizów pasujących do podanych kryteriów
Rozkład punktacji
Procent ludzi z każdym wynikiem
Percentyl według liczby udzielonych odpowiedzi
Twoja historia wyników
Nie rozwiązałeś tego quizu